| 000 | 00726nam a2200193 i 4500 | ||
|---|---|---|---|
| 001 | 94573 | ||
| 003 | ES-MaACL | ||
| 005 | 20230906181519.0 | ||
| 007 | t| | ||
| 008 | 050509s1950 sp ||||1| spa d | ||
| 100 | 1 |
_aLoste Echeto, Lorenzo. _974289 |
|
| 245 | 1 | 0 |
_aAspectos deontológicos de la lactancia _b: Conferencia pronunciada el 9 de julio de 1950... en Jaca (Universidad de verano) / _cLorenzo Loste Echeto. |
| 260 |
_aHuesca : _b[s.n.], _c1950 ( _fImp. Provincial) |
||
| 300 |
_a46 p. ; _c22 cm. |
||
| 490 | 1 | _aPublicaciones de la Hermandad de San Damián de Huesca | |
| 830 | 0 |
_aPublicaciones de la Hermandad de San Damián de Huesca _9232150 |
|
| 852 |
_aES-MaACL _j1908-F-11 _bR.30244 |
||
| 999 |
_c94573 _d94573 |
||